• 首页
  • 本馆介绍
  • 公告通知
  • 最新文献
  • 馆藏检索
  • 电子资源
  • 读者导购
  • 参考咨询
  • 我的图书馆
  • 登录
  • 详细信息显示
  • 放入我的书架
  • 预约/预借图书
  • 作者相关作品
  • 分类相关作品
  • 丛书相关作品
  • 出版社相关作品

书目信息

  • 表格格式
  • 工作单格式
  • 卡片格式
题名:
新时代基层党校党性教育教学专题实务
    
 
作者: 郭志龙 编著
分册:  
出版信息: 北京   光明日报出版社  2019.03
页数: 246页
开本: 25cm
丛书名: 光明社科文库
单 册:
中图分类: D263.3
科图分类:
主题词:
电子资源:
ISBN: 978-7-5194-5081-6
000 01412nam 2200289 450
001 CAL 0120192776143
005 20230217093111.0
010    @a978-7-5194-5081-6@b精装@dCNY85.00
100    @a20190603d2019 em y0chiy0120 ea
101 0  @achi
102    @aCN@b110000
105    @ay a 000yy
106    @ar
200 1  @a新时代基层党校党性教育教学专题实务@Axin shi dai ji ceng dang xiao dang xing jiao yu jiao xue zhuan ti shi wu@f郭志龙编著
210    @a北京@c光明日报出版社@d2019.03
215    @a246页@d25cm
225 2  @a光明社科文库@Aguang ming she ke wen ku
300    @a光明版
314    @a郭志龙, 男, 汉族, 甘肃泾川县人, 大学双本科学历, 中共党员, 高级讲师。
320    @a有书目 (第244-245页)
330    @a本书以习近平新时代中国特色社会主义思想为指导, 以新时代党的干部教育培训工作新任务新要求为目标, 以适应新形势下党员干部教育教学新常态为需要, 围绕基层党校党性教育教学主题, 以专题教学模式为特色, 以理论灌输、问题导向、自学提升、实践总结为逻辑编写而成。全书分六编, 第一编, 新时代党建党务基本问题 ; 第二编, 新时代党的基本理论 ; 第三编, 新时代党性教育 ; 第四编, 新时代党风教建设 ; 第五编, 新时代党纪党规教育 ; 第六编, 新时代党史教育。
410  0 @12001 @a光明社科文库
601 02 @a中国共产党@Azhong guo gong chan dang@x党员@x党性@x党校@x干部教育@x教学研究
690    @aD263.3@v5
701  0 @a郭志龙@Aguo zhi long@4编著
801  0 @aCN@bBJXHZP@c20230228
905    @b1404832-6@dD263.3@e2005@f5
    
    新时代基层党校党性教育教学专题实务/郭志龙编著.-北京:光明日报出版社,2019.03
    246页;25cm.-(光明社科文库)
    光明版
    
    ISBN 978-7-5194-5081-6(精装):CNY85.00
    本书以习近平新时代中国特色社会主义思想为指导, 以新时代党的干部教育培训工作新任务新要求为目标, 以适应新形势下党员干部教育教学新常态为需要, 围绕基层党校党性教育教学主题, 以专题教学模式为特色, 以理论灌输、问题导向、自学提升、实践总结为逻辑编写而成。全书分六编, 第一编, 新时代党建党务基本问题 ; 第二编, 新时代党的基本理论 ; 第三编, 新时代党性教育 ; 第四编, 新时代党风教建设 ; 第五编, 新时代党纪党规教育 ; 第六编, 新时代党史教育。
●
相关链接 在E读中查询图书 在五车中查询图书 在当当中查询图书 在豆瓣中查询图书


正题名:新时代基层党校党性教育教学专题实务     索取号:D263.3/2005         预约/预借

序号 登录号 条形码 馆藏地/架位号 状态 备注
1 1404832   214048323   第一样本阅览室/ [索取号:D263.3/2005] 在馆    
2 1404833   214048332   第一借阅区/ [索取号:D263.3/2005] 在馆    
3 1404834   214048341   第一借阅区/ [索取号:D263.3/2005] 在馆    
4 1404835   214048350   第一借阅区/ [索取号:D263.3/2005] 在馆    
5 1404836   214048369   第一借阅区/ [索取号:D263.3/2005] 在馆    
唐山师范学院图书馆 欢迎您!
大连网信软件有限公司© 版权所有